Loading...

Expert evidence

Bibliographic Details
Main Author: Field
Format: Printed Book
Published: Allahabad Law Publishers 1988
Edition:3rd ed.
Subjects:
LEADER 00476cam a2200169ua 4500
020 |a 81-7111-007-X 
082 |a 345.067  |b FIE/E 
100 |a Field 
245 0 0 |a Expert evidence  
250 |a 3rd ed. 
260 |a Allahabad  |b Law Publishers  |c 1988 
300 |a xcv, 921p. 
500 |a Includes index. 
650 0 |a Evidence- Law 
942 |c REF 
999 |c 9980  |d 9980 
952 |0 0  |1 0  |4 0  |6 345_067000000000000_FIEE  |7 0  |9 10398  |a KUCL  |b KUCL  |d 2014-05-23  |l 0  |o 345.067 FIE/E  |p 03322  |r 2017-03-04  |y REF